00613nam a22001817a 4500999001900000005001700019010001500036020002700051035001400078037001300092082001200105100001700117245009100134260003000225300002700255942002600282952012300308 c191859d19185920220906103338.0 aENG-134930 a9788186268865c3592.36 aEN-118462 bDBAD/PUB a615.532 aTandon, R.K. aHomoeopathic Guide To Family Health:bYour Doctor At Home/cR.K. Tandon and V.R. Bajaj bRajendra Publishingc2019 a453p.bIndexc22cm(hb) 2ddccENh615.532mTAN 001040718REFaAVbAVd2022-09-06eDBAD/PUBg3592.36l0o615.532 TANpEN-118462r2022-09-06 00:00:00t1v3592.36yEN